[Event "Tournoi francophone 005 Groupe A"]
[Site "Skype"]
[Date "????.??.??"]
[Round "1.1"]
[White "Plourde, Alain"]
[Black "Hilton, Stephen"]
[Result "1/2-1/2"]
[WhiteElo "1934"]
[BlackElo "1885"]
[PlyCount "68"]

1. d4 f5 2. c4 Nf6 3. Nc3 g6 4. Nf3 Bg7 5. Bg5 O-O 6. e3 d6 7. Be2 Nc6 8. O-O
Kh8 9. Rc1 Bd7 10. a3 Be8 11. b4 Bf7 12. d5 Ne5 13. Nxe5 dxe5 14. Qb3 Qd7 15.
Rfd1 Rad8 16. c5 c6 17. Bxf6 Bxf6 18. Bc4 e4 19. dxc6 Bxc4 20. Qxc4 Qxc6 21. b5
Qc8 22. g3 e6 23. c6 Rxd1+ 24. Rxd1 bxc6 25. bxc6 Be5 26. Rd7 Rd8 27. Rxa7 Rd3
28. Nb5 g5 29. Qc5 Bb8 30. Rb7 Qd8 31. c7 Rd1+ 32. Kg2 Rg1+ 33. Kxg1 Qd1+ 34.
Kg2 Qf3+ 1/2-1/2

[Event "Tournoi francophone 005 Groupe A"]
[Site "Skype"]
[Date "????.??.??"]
[Round "1.2"]
[White "Jacquelin, Norbert"]
[Black "Deville, Olivier"]
[Result "0-1"]
[WhiteElo "1822"]
[BlackElo "2010"]
[PlyCount "126"]

1. c4 c5 2. Nf3 Nc6 3. g3 e5 4. Nc3 g6 5. Bg2 Bg7 6. d3 Nge7 7. Bg5 h6 8. Bxe7
Nxe7 9. e4 d6 10. O-O O-O 11. Rb1 Be6 12. Ne1 Qd7 13. Qd2 Rab8 14. b3 Kh7 15.
Kh1 a6 16. Nc2 f5 17. Bh3 f4 18. Bxe6 Qxe6 19. Ne2 g5 20. gxf4 exf4 21. f3 Ng6
22. Ne1 Qh3 23. Ng2 Ne5 24. Ng1 Qe6 25. Ne2 Nc6 26. Ne1 Nd4 27. Nxd4 Bxd4 28.
Qg2 Rg8 29. Qg4 Qxg4 30. fxg4 Kg6 31. Kg2 Rh8 32. h3 h5 33. Rh1 b5 34. Nf3 Be5
35. Rbd1 a5 36. cxb5 Rxb5 37. d4 cxd4 38. Nxd4 Rb4 39. Nc6 Rxe4 40. Nxe5+ dxe5
41. Rd2 Rd4 42. Rxd4 exd4 43. Rd1 hxg4 44. hxg4 Rd8 45. Kf3 Kf6 46. Ke4 Re8+
47. Kd3 Re3+ 48. Kxd4 Rg3 49. Ke4 Rxg4 50. Rd6+ Ke7 51. Rd5 a4 52. bxa4 Rg3 53.
Re5+ Kf6 54. Rb5 Re3+ 55. Kd4 g4 56. Rb6+ Kg5 57. Rb5+ Kh4 58. Rf5 Kg3 59. a5
Ra3 60. Rc5 f3 61. a6 f2 62. Rc1 Kg2 63. Rc2 Kg1 0-1

[Event "Tournoi francophone 005 Groupe A"]
[Site "Skype"]
[Date "????.??.??"]
[Round "1.3"]
[White "Ayotte, Jocelyn"]
[Black "Lambert, Pierre"]
[Result "1-0"]
[WhiteElo "2147"]
[BlackElo "1867"]
[PlyCount "49"]

1. d4 Nf6 2. c4 c6 3. Nf3 d5 4. Nc3 e6 5. Bg5 Be7 6. e3 O-O 7. Bd3 h6 8. Bh4
Nbd7 9. O-O Re8 10. Rb1 a5 11. Rc1 Bd6 12. e4 dxc4 13. Bxc4 e5 14. Bg3 Qe7 15.
Nh4 Nf8 16. d5 Bd7 17. dxc6 bxc6 18. Qe2 g5 19. Nf5 Bxf5 20. exf5 N8d7 21. Rfd1
Nb6 22. Bb3 a4 23. Bc2 Red8 24. h4 g4 25. Qe3 1-0

[Event "Tournoi francophone 005 Groupe A"]
[Site "Skype"]
[Date "????.??.??"]
[Round "1.5"]
[White "Rochette, Mathieu"]
[Black "Falardeau, Richard"]
[Result "0-1"]
[WhiteElo "1764"]
[BlackElo "1843"]
[PlyCount "96"]

1. d4 Nf6 2. c4 g6 3. Nc3 Bg7 4. e4 O-O 5. e5 Ne8 6. f4 d6 7. Nf3 Bg4 8. Be3 c6
9. Be2 f6 10. O-O dxe5 11. fxe5 Bxf3 12. Bxf3 fxe5 13. d5 Nf6 14. Ne4 cxd5 15.
Nxf6+ exf6 16. Bxd5+ Kh8 17. Bxb7 Na6 18. Bxa8 Qxa8 19. Qa4 Qc8 20. Rad1 f5 21.
Rd6 Nc5 22. Qc6 Qxc6 23. Rxc6 Nd3 24. Bxa7 Ra8 25. Rc7 e4 26. Rb7 Rxa7 27. Rb8+
Bf8 28. Rxf8+ Kg7 29. Rb8 Rxa2 30. b4 e3 31. Rb1 e2 32. Re8 Nf4 33. Nd3 Rd2 34.
Rxe2 Rxe2 35. b5 Nc5 36. b6 Re7 37. Rb5 Nb7 38. Rd5 Kf6 39. Kf2 Re6 40. c5 Rc6
41. Rd7 Nxc5 42. Rc7 Rxc7 43. bxc7 Ne4+ 44. Kf3 Nd6 45. Kf4 g5+ 46. Kf3 Ke6 47.
g4 f4 48. h4 h6 0-1

[Event "Tournoi francophone 005 Groupe A"]
[Site "Skype"]
[Date "????.??.??"]
[Round "2.1"]
[White "Hilton, Stephen"]
[Black "Falardeau, Richard"]
[Result "0-1"]
[WhiteElo "1885"]
[BlackElo "1843"]
[PlyCount "68"]

1. d4 e6 2. Nf3 Nf6 3. c4 b6 4. g3 Bb7 5. Bg2 Bb4+ 6. Nbd2 O-O 7. O-O d5 8. Ne5
a5 9. Qc2 c5 10. dxc5 Bxc5 11. Nd3 Be7 12. cxd5 Bxd5 13. Nf3 Na6 14. Rd1 Rc8
15. Qd2 Nc5 16. Qe1 Qc7 17. Be3 Qb7 18. Nf4 Be4 19. Ne5 g5 20. Bxe4 Ncxe4 21.
Nfd3 Nd5 22. Bc1 f6 23. Ng4 Nb4 24. Nxb4 Bxb4 25. Qf1 f5 26. Ne5 Bc5 27. Nd3
Bd4 28. Qg2 Rc2 29. Re1 Qg7 30. e3 Bc3 31. Rd1 Bf6 32. Re1 Rd8 33. Qf1 Qd7 34.
Rd1 Nc5 0-1

[Event "Tournoi francophone 005 Groupe A"]
[Site "Skype"]
[Date "????.??.??"]
[Round "2.2"]
[White "Legueltel, Daniel"]
[Black "Rochette, Mathieu"]
[Result "1-0"]
[WhiteElo "1775"]
[BlackElo "1764"]
[PlyCount "53"]

1. d4 Nf6 2. c4 e6 3. Nf3 d5 4. Bg5 Be7 5. e3 c6 6. Nc3 Nbd7 7. Bd3 O-O 8. O-O
h6 9. Bh4 Re8 10. Qc2 a6 11. a3 dxc4 12. Bxc4 b5 13. Ba2 Bb7 14. Bxf6 Nxf6 15.
Rfd1 Qc7 16. b4 a5 17. Nxb5 Qb6 18. Nc3 axb4 19. axb4 Bxb4 20. Rdb1 c5 21. Na4
Be4 22. Nxb6 Bxc2 23. Nxa8 Bxb1 24. Bxb1 Bc3 25. Ra4 Rd8 26. Kf1 c4 27. Nb6 1-0

[Event "Tournoi francophone 005 Groupe A"]
[Site "Skype"]
[Date "????.??.??"]
[Round "2.4"]
[White "Deville, Olivier"]
[Black "Ayotte, Jocelyn"]
[Result "1-0"]
[WhiteElo "2010"]
[BlackElo "2147"]
[PlyCount "47"]

1. c4 Nf6 2. Nf3 c6 3. Nc3 d5 4. e3 e6 5. Qc2 Bd6 6. b3 e5 7. cxd5 Nxd5 8. Ne4
O-O 9. Nxd6 Qxd6 10. Bc4 Bg4 11. O-O Nd7 12. Bb2 Rae8 13. Ng5 Qh6 14. Ne4 Kh8
15. Ba3 f5 16. Bxf8 Rxf8 17. Bxd5 cxd5 18. f3 Bh5 19. Ng3 Bg6 20. Qc7 Be8 21.
f4 e4 22. Qxb7 Nf6 23. Nxf5 Qh5 24. Qxg7# 1-0

[Event "Tournoi francophone 005 Groupe A"]
[Site "Skype"]
[Date "????.??.??"]
[Round "2.5"]
[White "Plourde, Alain"]
[Black "Jacquelin, Norbert"]
[Result "1/2-1/2"]
[WhiteElo "1934"]
[BlackElo "1822"]
[PlyCount "105"]

1. d4 d5 2. c4 e6 3. Nc3 c5 4. e3 Nf6 5. Nf3 Nc6 6. cxd5 exd5 7. Bb5 Bd7 8. O-O
a6 9. Be2 cxd4 10. Nxd4 Bd6 11. Qb3 Na5 12. Qc2 Rc8 13. a3 Qc7 14. h3 g6 15.
Bd2 O-O 16. Rac1 Qb8 17. Qb1 Nc6 18. Nf3 Rfe8 19. Bd3 Ne5 20. Nxe5 Rxe5 21. Ne2
Rh5 22. Rxc8+ Bxc8 23. Nf4 Rh6 24. Qc2 Bd7 25. Rc1 g5 26. Ne2 Bh2+ 27. Kf1 Be5
28. Bc3 Bxc3 29. Qxc3 Ne8 30. Nd4 g4 31. hxg4 Rh1+ 32. Ke2 Rxc1 33. Qxc1 Bxg4+
34. f3 Bd7 35. Bf5 Qd6 36. Bxd7 Qxd7 37. Qh1 Ng7 38. Qh4 Qc8 39. Qg5 Kf8 40.
Qxd5 Kg8 41. Kd2 Qc7 42. b4 h6 43. g4 Qh2+ 44. Kd3 Qb2 45. Qxb7 Qxa3+ 46. Ke4
Qa1 47. Ke5 Qc3 48. Ke4 Qc4 49. Qb6 Ne6 50. Qd6 Kg7 51. f4 Kh7 52. Qc6 Qxb4 53.
Qxa6 1/2-1/2

[Event "Tournoi francophone 005 Groupe A"]
[Site "Skype"]
[Date "????.??.??"]
[Round "3.1"]
[White "Jacquelin, Norbert"]
[Black "Hilton, Stephen"]
[Result "0-1"]
[WhiteElo "1822"]
[BlackElo "1885"]
[PlyCount "130"]

1. c4 g6 2. g3 Bg7 3. Bg2 e5 4. Nc3 Nc6 5. Nf3 d6 6. O-O Be6 7. d3 h6 8. Nd5
Nge7 9. Nxe7 Qxe7 10. Re1 O-O-O 11. Nd2 Qd7 12. Qa4 Kb8 13. Rb1 Nd4 14. Qxd7
Bxd7 15. b4 Rhe8 16. b5 Bf5 17. a4 Nxe2+ 18. Rxe2 Bxd3 19. Re1 Bxb1 20. Nxb1 f5
21. Bb2 Bh8 22. a5 e4 23. Bxh8 Rxh8 24. Nc3 Rhe8 25. Nd5 Re5 26. Kf1 c6 27.
bxc6 bxc6 28. Rb1+ Kc8 29. Nb4 Kc7 30. Na6+ Kd7 31. Rb7+ Ke6 32. Rxa7 Rd7 33.
Ra8 Rb7 34. Rb8 Rxb8 35. Nxb8 Rxa5 36. Nxc6 Rc5 37. Nd8+ Ke7 38. Nb7 Rxc4 39.
Ke2 Rc3 40. Kd2 Rb3 41. Na5 Ra3 42. Nc6+ Kf6 43. Nb4 Rb3 44. Nd5+ Ke5 45. Ne7
g5 46. Kc2 Rb7 47. Nc6+ Kd5 48. Na5 Rc7+ 49. Kd2 Ke5 50. Nb3 d5 51. h3 d4 52.
Bf1 d3 53. Bxd3 exd3 54. Kxd3 h5 55. Nd2 g4 56. hxg4 hxg4 57. f4+ Kd5 58. Nf1
Rc1 59. Ne3+ Ke6 60. Ke2 Rh1 61. Nf1 Kd5 62. Kf2 Kd4 63. Ke2 Rxf1 64. Kxf1 Ke3
65. Kg2 Ke2 0-1

[Event "Tournoi francophone 005 Groupe A"]
[Site "Skype"]
[Date "????.??.??"]
[Round "3.2"]
[White "Ayotte, Jocelyn"]
[Black "Plourde, Alain"]
[Result "1-0"]
[WhiteElo "2147"]
[BlackElo "1934"]
[PlyCount "53"]

1. d4 d5 2. Nf3 e6 3. c4 c6 4. Nc3 a6 5. e4 dxe4 6. Nxe4 Nd7 7. Bd3 Ngf6 8. O-O
Nxe4 9. Bxe4 Be7 10. Bc2 O-O 11. Qd3 g6 12. Bh6 Re8 13. Rad1 Nf6 14. Rfe1 Bf8
15. Bg5 Bg7 16. Ne5 Qb6 17. c5 Qc7 18. Nc4 Ng4 19. Nd6 Bf8 20. h3 Bxd6 21. cxd6
Qxd6 22. hxg4 a5 23. Qe4 c5 24. Qe5 Qxe5 25. dxe5 b5 26. Be4 Rb8 27. Bc6 1-0

[Event "Tournoi francophone 005 Groupe A"]
[Site "Skype"]
[Date "????.??.??"]
[Round "3.4"]
[White "Rochette, Mathieu"]
[Black "Lambert, Pierre"]
[Result "0-1"]
[WhiteElo "1764"]
[BlackElo "1867"]
[PlyCount "38"]

1. d4 Nf6 2. c4 c6 3. Nc3 d5 4. Nf3 Nbd7 5. cxd5 cxd5 6. Bf4 a6 7. e3 e6 8. Bd3
Be7 9. O-O O-O 10. Qc2 b5 11. e4 dxe4 12. Nxe4 Bb7 13. Bc7 Qc8 14. Nxf6+ Nxf6
15. Ne5 h6 16. Rac1 Nd5 17. Be4 Bg5 18. Bxd5 Bxd5 19. Bd6 Bxc1 0-1

[Event "Tournoi francophone 005 Groupe A"]
[Site "Skype"]
[Date "????.??.??"]
[Round "3.5"]
[White "Falardeau, Richard"]
[Black "Legueltel, Daniel"]
[Result "1-0"]
[WhiteElo "1843"]
[BlackElo "1775"]
[PlyCount "51"]

1. f4 d5 2. Nf3 Nf6 3. e3 c6 4. c4 e6 5. b3 Bd6 6. Bb2 Qc7 7. d4 Ne4 8. c5 Qa5+
9. Nbd2 Be7 10. a3 Nd7 11. b4 Qc7 12. Nxe4 dxe4 13. Ng5 Bxg5 14. fxg5 b6 15.
Bc4 b5 16. Bb3 O-O 17. Qg4 Qd8 18. h4 Bb7 19. Qxe4 a5 20. Qg4 Re8 21. h5 Qe7
22. O-O Nf8 23. bxa5 Rxa5 24. Rf2 Bc8 25. Raf1 e5 26. Rxf7 1-0

[Event "Tournoi francophone 005 Groupe A"]
[Site "Skype"]
[Date "????.??.??"]
[Round "4.1"]
[White "Hilton, Stephen"]
[Black "Legueltel, Daniel"]
[Result "1-0"]
[WhiteElo "1885"]
[BlackElo "1775"]
[PlyCount "115"]

1. d4 d5 2. c4 c6 3. Nf3 Nf6 4. e3 Bf5 5. Qb3 Qb6 6. c5 Qxb3 7. axb3 e6 8. b4
Nbd7 9. b5 Be7 10. Nc3 Ne4 11. Be2 O-O 12. O-O Rfe8 13. Nxe4 Bxe4 14. Nd2 Bg6
15. Nb3 e5 16. bxc6 bxc6 17. Ba6 exd4 18. exd4 Bf6 19. Be3 Rab8 20. Na5 Rxb2
21. Nxc6 Re4 22. Bc8 Rxe3 23. fxe3 Nxc5 24. Rxa7 Be4 25. Bh3 Ne6 26. Ra8+ Nf8
27. Nb8 Be7 28. Nd7 f5 29. Nxf8 Bxf8 30. Ra7 g5 31. Rxf5 Bxf5 32. Bxf5 h6 33.
Be6+ Kh8 34. Bxd5 Re2 35. Ra8 Kg7 36. Re8 Bb4 37. Bf3 Rd2 38. Rb8 Bd6 39. Rb6
Ba3 40. Rc6 Rd3 41. Kf2 Bb4 42. Rg6+ Kxg6 43. Be4+ Kf6 44. Bxd3 Bd6 45. h3 Ke6
46. e4 Bb8 47. Ke3 Bf4+ 48. Kf3 Bc7 49. Kg4 Bd6 50. Bc4+ Kd7 51. Kf5 Ke8 52. e5
Be7 53. Ke6 h5 54. Bb5+ Kf8 55. d5 Bc5 56. d6 Bb6 57. Kd7 Bd4 58. e6 1-0

[Event "Tournoi francophone 005 Groupe A"]
[Site "Skype"]
[Date "????.??.??"]
[Round "4.2"]
[White "Lambert, Pierre"]
[Black "Falardeau, Richard"]
[Result "0-1"]
[WhiteElo "1867"]
[BlackElo "1843"]
[PlyCount "64"]

1. e4 e6 2. d4 d5 3. e5 c5 4. c3 Qb6 5. Nf3 Nc6 6. Bd3 cxd4 7. cxd4 Bd7 8. Bc2
Nb4 9. Ba4 Nd3+ 10. Qxd3 Bxa4 11. Nc3 Bc6 12. O-O Bb4 13. Bd2 Ne7 14. a3 Bxc3
15. Qxc3 Bb5 16. Rfe1 Rc8 17. Qb3 O-O 18. Bb4 Rfe8 19. Bc5 Qa6 20. Rac1 Nc6 21.
Rc3 Ba4 22. Qa2 b6 23. Bd6 Na5 24. Rec1 Nb3 25. Rxc8 Rxc8 26. Rxc8+ Qxc8 27.
Qb1 Qc4 28. Ng5 g6 29. Qe1 Nxd4 30. f3 Bb5 31. Nxh7 Ne2+ 32. Kh1 Kxh7 0-1

[Event "Tournoi francophone 005 Groupe A"]
[Site "Skype"]
[Date "????.??.??"]
[Round "4.5"]
[White "Jacquelin, Norbert"]
[Black "Ayotte, Jocelyn"]
[Result "1/2-1/2"]
[WhiteElo "1822"]
[BlackElo "2147"]
[PlyCount "112"]

1. c4 Nf6 2. Nc3 d5 3. cxd5 Nxd5 4. g3 e5 5. Bg2 Nxc3 6. bxc3 Bc5 7. Nf3 e4 8.
Qa4+ Nc6 9. Qxe4+ Be6 10. d4 Be7 11. O-O O-O 12. Bf4 Re8 13. Ne5 Nxe5 14. dxe5
c6 15. Rfd1 Qa5 16. c4 Red8 17. Qc2 Qc5 18. Be4 h6 19. Rac1 g5 20. Be3 Rxd1+
21. Rxd1 Qxc4 22. Qxc4 Bxc4 23. Rd7 Bf8 24. Rxb7 Bxa2 25. Bxc6 a5 26. Rxf7 Ra6
27. Rc7 a4 28. Be4 Bf7 29. Ra7 Rxa7 30. Bxa7 Ba3 31. Bd4 Bc1 32. Kf1 a3 33. Ke1
Bb3 34. Ba1 Kf7 35. e3 Ba2 36. Bc3 Ke6 37. f4 Bxe3 38. f5+ Kf7 39. Kd1 Bg1 40.
h3 Bc4 41. Kc2 Bf2 42. e6+ Kg8 43. g4 Bc5 44. Bd3 Bd5 45. Kb1 Kf8 46. Ka1 Ke7
47. f6+ Kxe6 48. Bb1 Kd7 49. Bg6 Bf8 50. Be5 Ke6 51. Bc3 Kd7 52. Bf5+ Ke8 53.
Kb1 Kf7 54. Ka1 Bg2 55. Bd3 Bxh3 56. Bc4+ Kg6 1/2-1/2

[Event "Tournoi francophone 005 Groupe A"]
[Site "Skype"]
[Date "????.??.??"]
[Round "5.1"]
[White "Ayotte, Jocelyn"]
[Black "Hilton, Stephen"]
[Result "1-0"]
[WhiteElo "2147"]
[BlackElo "1885"]
[PlyCount "95"]

1. d4 g6 2. c4 Bg7 3. Nf3 Nf6 4. Nc3 O-O 5. e4 d6 6. Be2 e5 7. O-O Nc6 8. d5
Ne7 9. Ne1 Nd7 10. Nd3 f5 11. f3 f4 12. g4 fxg3 13. hxg3 Nf6 14. Kg2 Bd7 15. c5
Ne8 16. Rh1 Rf7 17. Be3 b6 18. c6 Bc8 19. Qd2 Nf6 20. Rh4 Ba6 21. Nxe5 dxe5 22.
Bxa6 Ne8 23. a4 Nd6 24. b3 Qf8 25. Rf1 Bf6 26. Rhh1 g5 27. Nb5 Ng6 28. Nxd6
Qxd6 29. Bxg5 Bxg5 30. Qxg5 Rg7 31. Rh6 Qb4 32. Qe3 Rf8 33. Bc4 Kh8 34. Rfh1
Qa3 35. Qd2 Qc5 36. Qf2 Qa3 37. Rd1 Qe7 38. Kh2 Qg5 39. Rh3 Rgf7 40. Qd2 Qxd2+
41. Rxd2 Rxf3 42. d6 cxd6 43. Rxd6 Rc3 44. Rh5 Rf2+ 45. Kg1 Rf8 46. Rxg6 Rc1+
47. Kg2 Rc2+ 48. Kh3 1-0

[Event "Tournoi francophone 005 Groupe A"]
[Site "Skype"]
[Date "????.??.??"]
[Round "5.4"]
[White "Falardeau, Richard"]
[Black "Deville, Olivier"]
[Result "1-0"]
[WhiteElo "1843"]
[BlackElo "2010"]
[PlyCount "93"]

1. f4 g6 2. Nf3 c5 3. e3 Bg7 4. c4 Nc6 5. Nc3 a6 6. Be2 Nf6 7. b3 O-O 8. Bb2 e6
9. O-O d5 10. Ne5 Qc7 11. Na4 b6 12. Nxc6 Qxc6 13. d4 Ne4 14. Bf3 f5 15. Bxe4
fxe4 16. Rc1 dxc4 17. Rxc4 Qb7 18. Rf2 Bd7 19. dxc5 Bxb2 20. Nxb2 Bb5 21. Rcc2
bxc5 22. Rxc5 Qb6 23. Qd4 Rad8 24. Qc3 Rf5 25. Rc7 Rf7 26. Rxf7 Kxf7 27. Rc2
Rd7 28. Kf2 Qd8 29. g3 g5 30. a4 Bd3 31. Nc4 Bxc4 32. Qxc4 Rd2+ 33. Rxd2 Qxd2+
34. Qe2 Qd5 35. Qh5+ Kf8 36. fxg5 Qxb3 37. Qxh7 Qc2+ 38. Kg1 Qd1+ 39. Kg2 Qf3+
40. Kh3 Qxe3 41. Qh8+ Ke7 42. Qf6+ Kd6 43. Qf4+ Qxf4 44. gxf4 Kd5 45. g6 e3 46.
Kg2 Ke4 47. Kf1 1-0

[Event "Tournoi francophone 005 Groupe A"]
[Site "Skype"]
[Date "????.??.??"]
[Round "5.5"]
[White "Legueltel, Daniel"]
[Black "Lambert, Pierre"]
[Result "0-1"]
[WhiteElo "1775"]
[BlackElo "1867"]
[PlyCount "44"]

1. d4 d5 2. c4 c6 3. e3 Nf6 4. Nc3 e6 5. Nf3 Nbd7 6. Bd3 Bd6 7. O-O O-O 8. c5
Bc7 9. b4 e5 10. dxe5 Nxe5 11. Nxe5 Bxe5 12. Bb2 Ng4 13. g3 Qf6 14. Qc2 Qh6 15.
h4 Re8 16. Nd1 Bxb2 17. Qxb2 Ne5 18. Be2 Qe6 19. Qd4 Qh3 20. Nb2 Bg4 21. Qd1
Bxe2 22. Qxe2 Ng4 0-1

[Event "Tournoi francophone 005 Groupe A"]
[Site "Skype"]
[Date "????.??.??"]
[Round "6.1"]
[White "Hilton, Stephen"]
[Black "Lambert, Pierre"]
[Result "1/2-1/2"]
[WhiteElo "1885"]
[BlackElo "1867"]
[PlyCount "73"]

1. d4 Nf6 2. c4 e6 3. Nc3 d5 4. cxd5 exd5 5. Bg5 Be7 6. e3 c6 7. Qc2 O-O 8. Bd3
h6 9. Bh4 Nbd7 10. Nge2 Re8 11. O-O-O b5 12. Bg3 a5 13. Kb1 Nb6 14. Nxb5 cxb5
15. Bc7 Qd7 16. Bxb6 Ra6 17. Bc5 Qb7 18. Bxe7 Rxe7 19. Rc1 Bd7 20. Qc7 Qxc7 21.
Rxc7 Rb6 22. Ng3 g6 23. Rc2 Kf8 24. Rhc1 Ng4 25. Nf1 Rf6 26. Rc5 Nxf2 27. Bxb5
Bxb5 28. Rxb5 Ne4 29. Ka1 Rf2 30. Rxa5 Rb7 31. Rb1 Rc7 32. Rxd5 Rcc2 33. Rb5
Nc3 34. Rb8+ Kg7 35. Re1 Na4 36. Rb1 Nc3 37. Re1 1/2-1/2

[Event "Tournoi francophone 005 Groupe A"]
[Site "Skype"]
[Date "????.??.??"]
[Round "6.2"]
[White "Deville, Olivier"]
[Black "Legueltel, Daniel"]
[Result "1-0"]
[WhiteElo "2010"]
[BlackElo "1775"]
[PlyCount "47"]

1. c4 c6 2. Nc3 d5 3. e3 Bf5 4. cxd5 cxd5 5. Qb3 e6 6. Qxb7 Nd7 7. Nb5 Rb8 8.
Nc7+ Ke7 9. Qxa7 f6 10. Nf3 Kf7 11. Nd4 Bc5 12. Qa4 Bxd4 13. Nxe6 Bxe6 14. Qxd4
Ne7 15. Be2 Nc6 16. Qa4 Qb6 17. d4 Ra8 18. Qd1 Rhc8 19. Bd3 Nb4 20. Bb1 Qb5 21.
Bd2 Rcb8 22. Bc3 Nb6 23. a3 Na4 24. Bxb4 1-0

[Event "Tournoi francophone 005 Groupe A"]
[Site "Skype"]
[Date "????.??.??"]
[Round "6.3"]
[White "Plourde, Alain"]
[Black "Falardeau, Richard"]
[Result "1/2-1/2"]
[WhiteElo "1934"]
[BlackElo "1843"]
[PlyCount "125"]

1. d4 f5 2. c4 Nf6 3. Nc3 b6 4. Nf3 e6 5. Bg5 Be7 6. g3 Bb7 7. Bg2 O-O 8. O-O
d6 9. Qb3 Nc6 10. a3 Ne4 11. Bxe7 Qxe7 12. Qc2 Na5 13. Nxe4 Bxe4 14. Qc3 c5 15.
dxc5 dxc5 16. Rad1 Rfd8 17. Ne5 Bxg2 18. Kxg2 Qc7 19. Rd3 Rxd3 20. Nxd3 Rd8 21.
f3 Rd4 22. b3 e5 23. e3 Rd8 24. Kf2 Qd6 25. Ke2 e4 26. fxe4 fxe4 27. Nf2 Qg6
28. Rd1 Qh5+ 29. g4 Qg5 30. Rxd8+ Qxd8 31. Nxe4 Qh4 32. Nf2 Qxh2 33. Qd3 Qe5
34. Qd8+ Kf7 35. Nd3 Qe7 36. Qd5+ Qe6 37. Ne5+ Kf6 38. Nd7+ Ke7 39. Qxe6+ Kxe6
40. Nf8+ Kd6 41. Nxh7 Nxb3 42. Ng5 Na5 43. Kd3 Nc6 44. Ne4+ Ke6 45. Ng5+ Kf6
46. Ne4+ Kg6 47. Nd6 Ne5+ 48. Ke4 Nxg4 49. Nc8 Kf6 50. Nxa7 Ne5 51. Kd5 g5 52.
Nb5 g4 53. Nc3 Nf3 54. Ne4+ Kf5 55. Ng3+ Kg5 56. Kc6 Nd2 57. Kxb6 Nxc4+ 58.
Kxc5 Nxa3 59. Kd5 Nc2 60. e4 Kf4 61. Nh5+ Kf3 62. e5 Ne3+ 63. Kd6 1/2-1/2

[Event "Tournoi francophone 005 Groupe A"]
[Site "Skype"]
[Date "????.??.??"]
[Round "7.3"]
[White "Falardeau, Richard"]
[Black "Jacquelin, Norbert"]
[Result "1-0"]
[WhiteElo "1843"]
[BlackElo "1822"]
[PlyCount "79"]

1. f4 e5 2. fxe5 d6 3. Nf3 Bg4 4. d4 Nc6 5. exd6 Bxd6 6. e3 Nge7 7. Be2 Bxf3 8.
Bxf3 O-O 9. O-O Ng6 10. c4 Qh4 11. g3 Qd8 12. c5 Be7 13. Qb3 Rb8 14. Bd5 Bf6
15. Nc3 Nce7 16. Bc4 b5 17. Be2 c6 18. Ne4 Nd5 19. Nd6 Qd7 20. Qd1 Bd8 21. e4
Nc7 22. Bg4 Qe7 23. Qf3 Ne6 24. Be3 Bc7 25. Nf5 Qe8 26. d5 Ne5 27. Qe2 cxd5 28.
exd5 Nxc5 29. Bxc5 Bb6 30. b4 g6 31. Nd4 Bxc5 32. bxc5 Nxg4 33. Qxg4 Qe3+ 34.
Kg2 Rfe8 35. Qf4 Qxf4 36. Rxf4 Re5 37. Nc6 Re2+ 38. Rf2 Rbe8 39. Raf1 a6 40. d6
1-0

[Event "Tournoi francophone 005 Groupe A"]
[Site "Skype"]
[Date "????.??.??"]
[Round "7.4"]
[White "Legueltel, Daniel"]
[Black "Plourde, Alain"]
[Result "1/2-1/2"]
[WhiteElo "1775"]
[BlackElo "1934"]
[PlyCount "67"]

1. d4 Nf6 2. c4 e6 3. Nc3 Bb4 4. Bd2 b6 5. e3 Bb7 6. Nf3 O-O 7. Be2 d5 8. O-O
Nbd7 9. a3 Be7 10. b4 dxc4 11. Bxc4 Ne4 12. Nxe4 Bxe4 13. Rc1 Nf6 14. Bb5 a6
15. Bc6 Bxc6 16. Rxc6 Bd6 17. Qc2 Qe8 18. e4 e5 19. dxe5 Bxe5 20. Nxe5 Qxe5 21.
Rxc7 Qxe4 22. Qxe4 Nxe4 23. Be3 b5 24. f3 Nd6 25. Rd1 Nc4 26. Bc1 Rfd8 27.
Rxd8+ Rxd8 28. Kf2 f6 29. Rc6 Rd1 30. Bf4 Nxa3 31. Rxa6 Nc4 32. Ra8+ Kf7 33.
Ra7+ Kg6 34. Rb7 1/2-1/2

[Event "Tournoi francophone 005 Groupe A"]
[Site "Skype"]
[Date "????.??.??"]
[Round "7.5"]
[White "Lambert, Pierre"]
[Black "Deville, Olivier"]
[Result "1/2-1/2"]
[WhiteElo "1867"]
[BlackElo "2010"]
[PlyCount "65"]

1. e4 c5 2. Nf3 d6 3. d4 cxd4 4. Nxd4 Nf6 5. Nc3 Nc6 6. Be3 Ng4 7. Qd2 Nxe3 8.
Qxe3 g6 9. O-O-O Bg7 10. Nb3 a5 11. Nd5 a4 12. Nd2 a3 13. b3 Bd7 14. Nc4 Ne5
15. Nxe5 Bxe5 16. f4 Bg7 17. e5 O-O 18. Nb6 Ra5 19. Nxd7 Qxd7 20. Qb6 Raa8 21.
exd6 exd6 22. Qxd6 Bb2+ 23. Kb1 Qxd6 24. Rxd6 Rad8 25. Rxd8 Rxd8 26. Bd3 Bc3
27. Kc1 Rd5 28. Rf1 b5 29. Kd1 b4 30. Ke2 Kg7 31. Kf3 Rd7 32. Rf2 Re7 33. Re2
1/2-1/2

[Event "Tournoi francophone 005 Groupe A"]
[Site "Skype"]
[Date "????.??.??"]
[Round "8.1"]
[White "Hilton, Stephen"]
[Black "Deville, Olivier"]
[Result "1/2-1/2"]
[WhiteElo "1885"]
[BlackElo "2010"]
[PlyCount "56"]

1. d4 Nf6 2. Bf4 d5 3. e3 e6 4. Nd2 Bd6 5. Bg3 b6 6. c3 Bb7 7. Bd3 c5 8. Ngf3
Nc6 9. Ne5 O-O 10. O-O Ne7 11. Qf3 Qc7 12. Rac1 Ng6 13. Nxg6 fxg6 14. Qe2 e5
15. dxe5 Bxe5 16. Nf3 Bxg3 17. hxg3 Rae8 18. Bb1 Kh8 19. Nh4 Ne4 20. Nf3 Qd6
21. Nd2 Nf6 22. Qd1 Qe5 23. Qa4 a5 24. Nf3 Qe6 25. Qh4 Qg4 26. Ng5 Qxh4 27.
gxh4 Ng4 28. Nh3 Ne5 1/2-1/2

[Event "Tournoi francophone 005 Groupe A"]
[Site "Skype"]
[Date "????.??.??"]
[Round "8.2"]
[White "Plourde, Alain"]
[Black "Lambert, Pierre"]
[Result "1-0"]
[WhiteElo "1934"]
[BlackElo "1867"]
[PlyCount "107"]

1. d4 Nf6 2. c4 g6 3. Nc3 Bg7 4. e4 d6 5. Nf3 O-O 6. h3 Nbd7 7. Be3 c5 8. d5
Qa5 9. Bd3 Re8 10. O-O a6 11. Qc2 Nf8 12. Rfd1 e6 13. dxe6 Nxe6 14. Nd5 Nxd5
15. exd5 Nf8 16. Bf4 Qc7 17. Qd2 Nd7 18. Re1 Nf6 19. Rxe8+ Nxe8 20. Re1 Bd7 21.
b3 b5 22. Re7 Bf6 23. Re2 b4 24. Bh6 Ng7 25. Bg5 Bxg5 26. Qxg5 Re8 27. Rxe8+
Bxe8 28. g4 a5 29. Qf6 a4 30. Ng5 h6 31. Ne4 axb3 32. axb3 h5 33. Qxd6 Qxd6 34.
Nxd6 hxg4 35. hxg4 Bd7 36. f3 Ne8 37. Nb7 Bc8 38. Nxc5 Nd6 39. Kf2 Kf8 40. Ne4
Nxe4+ 41. Bxe4 Ke7 42. c5 Kd7 43. c6+ Kd6 44. Ke3 f5 45. gxf5 gxf5 46. Bd3 Kxd5
47. Bb5 Ke5 48. f4+ Kd5 49. Kd3 Kc5 50. Ba4 Ba6+ 51. Ke3 Kd5 52. c7 Bc8 53. Be8
Be6 54. Bf7 1-0

[Event "Tournoi francophone 005 Groupe A"]
[Site "Skype"]
[Date "????.??.??"]
[Round "8.3"]
[White "Jacquelin, Norbert"]
[Black "Legueltel, Daniel"]
[Result "1/2-1/2"]
[WhiteElo "1822"]
[BlackElo "1775"]
[PlyCount "52"]

1. c4 Nc6 2. Nc3 d6 3. g3 g6 4. Bg2 Bg7 5. Nf3 Nf6 6. O-O Bg4 7. d4 O-O 8. Re1
Qc8 9. Bg5 h6 10. Bxf6 Bxf6 11. Qd2 Bxf3 12. Bxf3 Nxd4 13. Nd5 c5 14. Nxf6+
exf6 15. Rac1 Kg7 16. Bg2 Qc7 17. e3 Nc6 18. Rcd1 Rad8 19. f4 Rfe8 20. Qf2 f5
21. b3 a6 22. Qb2+ Kg8 23. Qf2 b5 24. Bxc6 Qxc6 25. Rd5 bxc4 26. bxc4 Re4
1/2-1/2

[Event "Tournoi francophone 005 Groupe A"]
[Site "Skype"]
[Date "????.??.??"]
[Round "9.3"]
[White "Legueltel, Daniel"]
[Black "Ayotte, Jocelyn"]
[Result "0-1"]
[WhiteElo "1775"]
[BlackElo "2147"]
[PlyCount "46"]

1. d4 Nf6 2. c4 e6 3. Bg5 c5 4. d5 exd5 5. cxd5 Qb6 6. Bxf6 Qxf6 7. Nc3 d6 8.
e4 a6 9. a4 g6 10. Nf3 Bg7 11. Be2 O-O 12. O-O Re8 13. Re1 Bg4 14. Nd2 Bxe2 15.
Rxe2 Nd7 16. Nc4 Ne5 17. Nxe5 Rxe5 18. Qd3 Rae8 19. Re3 R5e7 20. Rf3 Qd4 21.
Rd1 Qxd3 22. Rfxd3 Bxc3 23. Rxc3 Rxe4 0-1